Toutes les communes de Blois - Agglopolys sur une carte - Statistiques

Statistiques générales
  • Ce quiz a été pris 39 fois
  • Le résultat moyen est 10 sur 43
Réponses sur la Carte
Les réponses sont colorées sur une échelle allant du rouge au vert en fonction du pourcentage des utilisateurs qui les ont devinées à leur premier essai. Vous pouvez retrouver ces pourcentages ci-dessous.
 
Statistiques - réponses
Population Communes % Correct
47 092 Blois
100%
8 050 Vineuil
91%
4 488 La Chaussée-Saint-Victor
74%
3 184 Saint-Gervais-la-Forêt
61%
2 700 Cellettes
52%
2 558 Villebarou
52%
2 708 Chailles
39%
1 091 Chaumont-sur-Loire
35%
1 925 Les Montils
35%
908 Cheverny
30%
1 136 Chitenay
26%
1 568 Cormeray
26%
2 830 Cour-Cheverny
26%
1 270 Fossé
26%
797 La Chapelle-Vendômoise
26%
620 Menars
26%
832 Villerbon
26%
904 Saint-Denis-sur-Loire
22%
3 327 Veuzain-sur-Loire
22%
1 487 Candé-sur-Beuvron
13%
727 Landes-le-Gaulois
13%
721 Marolles
13%
1 841 Saint-Sulpice-de-Pommeray
13%
486 Seur
13%
2 329 Valencisse
13%
607 Champigny-en-Beauce
9%
455 Rilly-sur-Loire
9%
115 Saint-Étienne-des-Guérets
9%
2 433 Valloire-sur-Cisse
9%
420 Villefrancœur
9%
677 Averdon
4%
549 Mesland
4%
723 Monteaux
4%
793 Monthou-sur-Bièvre
4%
493 Saint-Bohaire
4%
174 Saint-Cyr-du-Gault
4%
776 Saint-Lubin-en-Vergonnois
4%
872 Sambin
4%
271 Françay
0%
1 139 Herbault
0%
121 Lancôme
0%
293 Santenay
0%
84 Valaire
0%
Aucun quiz correspondant
Distribution des résultats
% des personnes avec chaque résultat
Percentile par nombre de réponses
Votre historique - résultats
Vous n’avez pas pris ce quiz